书目信息 |
| 书名: | A Killing Frost | |
| 作者: | John Marsden | |
| 分册号: | ||
| 分册名: | 出版地: | USA |
|
| 出版社: | Houghton Mifflin Harcourt | |
| 出版时间: | 1998 | |
| 页数: | 275p | |
| 开本: | 20cm | |
| 丛书名: | ||
| 中图分类号: | ||
| 科图分类号: | ||
| 其他分类号: | I712.45 | |
| 主题词: | ||
| 电子资源: | ||
| 000 | 00392nam0 2200145 450 | |
| 001 | 202012003254 | |
| 005 | 20121206125150.0 | |
| 008 | 12120401s | |
| 020 | @a9780395837351@bHard@c$17.00 | |
| 099 | @dI712.45@eJ656 | |
| 245 | 10 | @aA Killing Frost@cJohn Marsden |
| 260 | 0 | @aUSA@bHoughton Mifflin Harcourt@c1998 |
| 300 | @a275p@c20cm | |
| 905 | @b14622 | |
| 905 | @aTSG@dI712.45@eJ656 | |
| A Killing Frost / John Marsden.-USA : Houghton Mifflin Harcourt , 1998 |
| 275p ; 20cm |
| ISBN 9780395837351Hard$17.00 |
| ● |
| 相关链接 |
|
|
|
正题名:A Killing Frost
索取号:I712.45/J656
 
预约/预借
| 序号 | 登录号 | 条形码 | 馆藏地/架位号 | 状态 | 备注 |
| 1 | 14622 | 300146223 | 文学库116/ [索取号:I712.45/J656] | 在馆 |